| 000 | 00822nam a2200193Ii 4500 | ||
|---|---|---|---|
| 003 | JO-AjNU | ||
| 008 | 230605s9999||||xx |||||||||||||| ||und|| | ||
| 040 |
_aJO-AjNU _bara _erda _cJO-AjNU |
||
| 041 | _aara | ||
| 050 | 1 | 4 | _aHG1615.A2236 2008 |
| 100 | 3 |
_aحنفي، عبدالغفار, _eauthor _928878 |
|
| 245 | 0 | 0 | _aادارة المصارف : السياسات المصرفية، تحليل لبقوائم المالية، الجوانب التنظيمية في البنوك التجارية والاسلامية |
| 264 | 3 | 1 | _aالاسكندرية: الدار الجامعية، 2008 |
| 300 |
_a604ص _bيحتوي على ببلوغرافية من 599-604ص |
||
| 336 |
_atext _btxt _2rdacontent |
||
| 337 |
_aunmediated _bn _2rdamedia |
||
| 338 |
_avolume _bnc _2rdacarrier |
||
| 650 | 4 |
_aادارة البنوك _928879 |
|
| 999 |
_aA11256 _c14824 _d14824 |
||